000 00999cab a2200337 4500
001 ABS49801
008 090401t1993 xxu||||| |||| 00| 0 eng d
035 _a(Sirsi) u72786
041 _aeng
100 _aHendry, C.
245 _aHomes for the homeless: matching supply to demand
260 _c1993
350 _a0
490 _aPublic Policy Review
_v1(3) November/December 1993, 8-10(3)
520 _aArgues that with 800,000 houses standing empty the debate over homelessness and housing provision should concentrate on the need to use existing stock more effectively.
650 _aCONVERSION
650 _aEMPTY HOUSES TASK FORCE
650 _aEMPTY HOUSES
650 _aHOUSING ASSOCIATIONS
650 _aMINISTRY OF DEFENCE
650 _aOFFICES
650 _aRENOVATION
650 _aRENT TO PAINT
650 _aREPAIRS
650 _aSOCIAL HOUSING
650 _aVACANT HOUSING
650 _aVOIDS
690 _aHOUSING
942 _n0
948 _c04/03/1997
999 _c46003
_d46003